Statistics for European Wars Since 1945

Click here to take the quiz!

General Stats

  • This quiz has been taken 64 times
  • The average score is 6 of 80

Answer Stats

YearWinning Party (If Applicable)Loosing PartyLoosing PartyAnswer% Correct
1946-1949GreeceGreek CommunistsGreek Civil War
90%
1968-1998United Kingdom
Ireland
Irish Republican Army
Various Other Irish Republic Paramilitaries
Ulster Loyalist ParamilitariesThe Troubles
50%
1956Soviet Union
Communist Hungary
Hungarian Revolutionaries
Revolutionary Hungary
Hungarian Revolution
42%
1992-1995Croatia
Bosnia & Herzegovina
NATO
Yugoslavia
Krajina
Srpska
Western Bosnia
Bosnian War
28%
2022-PresentRussia
Donetsk
Luhansk
UkraineRussian invasion of Ukraine
24%
1997Albania
United Nations
Various Albanian RebelsAlbanian Civil War
22%
1989Romanian Revolutionaries
Romanian Army
RomaniaRomanian Revolution
22%
1974Turkey
Turkish Cypriots
Cyprus
Greece
Greek Cypriots
Turkish Invasion of Cyprus
22%
1991-1995Croatia
Bosnia & Herzegovina
Yugoslavia
Krajina
Western Slavonia
Eastern Slavonia
Srpska
Croatian War of Independence
20%
1998-1999Kosovo
NATO
YugoslaviaKosovo War
20%
2020AzerbaijanArtsakh
Armenia
Nagorno-Karabakh war
20%
1991-1993State Council
Mkhedrioni
Russia
Gamsakhurdia's Government in Exile
Zviadists
South Ossetia
Abkhazia
Confederation of Mountain Peoples
Georgian Civil War
14%
1970-1984ItalyItalian Communists & SocialistsItalian FascistsYears of Lead
14%
1974AF MovementPortugalCarnation Revolution
12%
1991SloveniaYugoslavia10-Day War
8%
1994-1996ChechnyaRussia1st Chechen War
8%
1958-1961IcelandUnited Kingdom
West Germany
1st Cod War
8%
1999-2009RussiaChechnya
Caucasus Emirate
2nd Chechen War
8%
1972-1973IcelandUnited Kingdom
West Germany
Denmark
Belgium
2nd Cod War
8%
1975-1976IcelandUnited Kingdom
West Germany
Belgium
3rd Cod War
8%
1959-2011Spain
France
Various Neo-Fascist ParamilitariesBasque National Liberation MovementBasque Conflict
8%
1955-1959United KingdomGreek CypriotsTurkish CypriotsCyprus Emergency
8%
1953East Germany
Soviet Union
Pro Democracy DemonstratorsEast German Uprising
8%
1967Greek Armed ForcesGreeceGreek Coup d'état
8%
2008Russia
South Ossetia
Abkhazia
GeorgiaRusso-Georgian War
8%
1956-1962United KingdomIrish Republican ArmyBorder Campaign
6%
1968Soviet Union
Poland
Bulgaria
Hungary
CzechoslovakiaWarsaw Pact Invasion of Czechoslovakia
6%
2004GeorgiaAdjaraAdjara Crisis
4%
1946-1948United KingdomAlbaniaCorfu Channel Incident
4%
1944-1956Soviet UnionEstonian Partisans
Latvian Partisans
Lithuanian Partisans
Guerrilla War in the Baltic States
4%
1958French Algerian CorpsFranceOperation Corse
4%
1956PolandPro Democracy DemonstratorsPoznan Protests
4%
1947-1962RomaniaRomanian Fascists
Romanian Monarchists
National Peasants' Party
Romanian Anti-Communist Resistance Movement
4%
1993Russian President ForcesParliament ForcesRussian Constitutional Crisis
4%
2014RussiaUkraineRussian Invasion of Crimea
4%
1961-1967ItalySouth Tyrolean Liberation CommitteeSouth Tyrol Insurgency
4%
1992Transnistria
Russia
MoldovaTransnistria War
4%
2014-PresentRussia
Donetsk
Luhansk
UkraineWar in Donbas
4%
1999RussiaDagestanWar of Dagestan
4%
1988-1994Artsakh
Armenia
Azerbaijan
Soviet Union
1st Nagorno-Karabakh War
2%
1991-1992South OssetiaGeorgia1st South Ossetian War
2%
1998AbkhaziaGeorgia6-Day War of Abkhazia
2%
1995AzerbaijanSpecial Purpose Police UnitAzerbaijani Coup d'état Attempt
2%
2020-2021BelarusBelarusian Democracy Movement
Belarusian Anarchists
Belarusian Protests
2%
1993Great BritainFrench FishermanCherbourg Incident
2%
1976-PresentNational Liberation Front of CorsicaFranceCorsican Insurgency
2%
1992-1994Bosnia & HerzegovinaCroatiaCroat-Bosniak War
2%
1998-PresentUnited Kingdom
Ireland
Irish Republican ArmyDissident Irish Republican Campaign
2%
1992Russia
North Ossetia Militia
Ingush MilitiaEast Prigorodny Conflict
2%
1986GreeceTurkeyEvros River Incident
2%
2004GeorgiaSouth OssetiaGeorgia-South Ossetia Clashes
2%
2001MacedoniaUÇKInsurgency in Macedonia
2%
2009-PresentRussiaCaucasus Emirate
Islamic State
Insurgency in the North Caucasus
2%
1999-2001YugoslaviaUÇPMBInsurgency in the Preševo Valley
2%
1991LithuaniaSoviet Union
Lithuanian SSR
January Events
2%
1962-1964Switzerland
Sangliers
BéliersJura Conflict
2%
1995-1996TurkeyGreeceKardak Crisis
2%
2006GeorgiaEmzar Kvitsiani FactionsKodori Crisis
2%
2001AbkhaziaChechen Divisions
Georgian Guerillas
Kodori Crisis
2%
1990Krajina
Western Slavonia
Eastern Slavonia
CroatiaLog Revolution
2%
2016Artsakh
Armenia
AzerbaijanNagorno-Karabakh Conflict
2%
1972YugoslaviaBugojno GroupOperation Phoenix
2%
1975PortugalGroup of 9Portugese Coup d'état Attempt
2%
1990-1991LithuaniaSoviet UnionSoviet Attacks on Lithuanian Border Posts
2%
1981SpainNeo-FrancoistsSpanish Coup d'état Attempt
2%
1991LatviaSoviet UnionThe Barricades
2%
2004AlbaniansSerbsUnrest in Kosovo
2%
1992-1993Abkhazia
Confederation of Mountain Peoples
Georgia
Ukrainian National Assembly
War in Abkhazia
2%
2021-PresentArtsakh
Armenia
AzerbaijanArmenia–Azerbaijan Border Crisis
0%
2014Artsakh
Armenia
AzerbaijanArmenian–Azerbaijani Clashes
0%
2012Artsakh
Armenia
AzerbaijanArmenian–Azerbaijani Clashes
0%
2018AzerbaijanArtsakh
Armenia
Armenian–Azerbaijani Clashes
0%
2020Artsakh
Armenia
AzerbaijanArmenian–Azerbaijani Clashes
0%
2014Euromaiden ProtestersUkraineEuromaiden Revolution
0%
2015MacedoniaNLAKumanovo Clashes
0%
2010Artsakh
Armenia
AzerbaijanMardakert Clashes
0%
2008
Artsakh
Armenia
AzerbaijanMardakert Clashes
0%
2010Artsakh
Armenia
AzerbaijanNagorno-Karabakh Clashes
0%
2014UkraineDonetsk
Luhansk
Russia
Pro-Russian Protesters
Pro-Russian Unrest in Ukraine
0%
2007-2015RussiaCaucasus Emirate
Ingush Opposition
War in Ingushetia
0%

Score Distribution

Percentile by Number Answered

Percent of People with Each Score

Your Score History

You have not taken this quiz